000
00255 a2200109 4500
001
34666
090
_c
22949
_d
22949
100
_a
Chase, Nicholas
245
_a
Visual Basic Developers' Guide to the Win 32 API
260
_a
New Delhi
_b
BPB
_c
1999
505
_a
CD/DVD
942
_a
NUST-CAE
999
_c
269739
_d
269739